Canzoni della Dark Polo Gang - Statistics

Statistiche generali
  • Questo quiz è stato fatto 12 volte
  • Il punteggio medio è 29 su 106
Statistiche sulle risposte
Album Anno Feat Risposta % Corretto
Crack Musica 2016 Sfera Ebbasta Cavallini
83%
The Dark Album 2016 - Sportswear
83%
Crack Musica 2016 - C C
75%
Trap Lovers(Reloaded) 2019 - Sex On The Beach
75%
Trap Lovers 2019 - Cambiare Adesso
67%
Trap Lovers(Reloaded) 2019 - Cambiare Adesso - Acoustic Version
67%
Twins 2017 Peachwalnut Caramelle
67%
Succo Di Zenzero 2016 Sfera Ebbasta Bang Bang
58%
Twins 2017 - Cono Gelato
58%
DARK BOYS CLUB 2020 - DARK
58%
Crack Musica 2016 - Mafia
58%
Trap Lovers 2019 - British
50%
Crack Musica 2016 - Crack Musica
50%
Sick Side 2018 - Diego Armando Maradona
50%
The Dark Album 2016 Sfera Ebbasta Fiori Del Male
50%
Succo Di Zenzero 2016 - Pesi Sul Collo
50%
Crack Musica 2016 Izi Swisher
50%
Trap Lovers 2019 - Toy Boy
50%
Succo Di Zenzero 2016 Enzo Dong Aldilà
42%
The Dark Album 2016 - Bello Figo Dark
42%
The Dark Album 2016 - Dark Boy
42%
DARK BOYS CLUB 2020 - GANG
42%
Crack Musica 2016 Traffik Lei Mi Chiama
42%
Twins 2017 - Magazine
42%
DARK BOYS CLUB 2020 Lazza, Salmo PUSSY
42%
Crack Musica 2016 - Tipa
42%
DARK BOYS CLUB 2020 Geolier 1,2,3 STELLA
33%
Crack Musica 2016 - Alprazolam
33%
DARK BOYS CLUB 2020 Capo Plaza AMIRI BOYS
33%
Crack Musica 2016 - Bricks
33%
Crack Musica 2016 - Cotoletta
33%
The Dark Album 2016 - DM
33%
The Dark Album 2016 - GTA San Andreas
33%
The Dark Album 2016 Gianni Bismark Latte Di Suocera
33%
Crack Musica 2016 - Sosa
33%
Twins 2017 - Spezzacuori
33%
Succo Di Zenzero 2016 - Tokyo Hotel
33%
Crack Musica 2016 - 3 Metri
25%
DARK BOYS CLUB 2020 Drefgold, ANNA BIBERON
25%
DARK BOYS CLUB 2020 Ketama126 DARK LOVE GANG
25%
DARK BOYS CLUB 2020 Ski & Wok DONDURE
25%
Sick Side 2018 - Intro
25%
Twins 2017 - Marilyn Manson
25%
Crack Musica 2016 - Neve A Settembre
25%
The Dark Album 2016 - Oxycodone
25%
The Dark Album 2016 - Panorama Bar
25%
Succo Di Zenzero 2016 - Passala
25%
Succo Di Zenzero 2016 - Riviste
25%
Trap Lovers 2019 - Splash
25%
Crack Musica 2016 - Super Sayan
25%
Trap Lovers(Reloaded) 2019 - Taki Taki
25%
Twins 2017 - Ti Amo
25%
Twins 2017 - Tic Tac
25%
DARK BOYS CLUB 2020 Mambolosco 4L
17%
Sick Side 2018 - Almighty
17%
Sick Side 2018 Pyrex Amorevole
17%
Succo Di Zenzero 2016 - Beatles
17%
The Dark Album 2016 - Canale 777
17%
Trap Lovers 2019 - Che Bello Essere Dark
17%
Succo Di Zenzero 2016 - Crystal Ball
17%
The Dark Album 2016 - Demoni
17%
Twins 2017 Guè El Machico
17%
The Dark Album 2016 Tedua Età D'oro
17%
Trap Lovers 2019 Mambolosco Expensive
17%
Sick Side 2018 - Fantasmi
17%
Sick Side 2018 Hermit G Fiori D'Erba
17%
Twins 2017 - Flex
17%
DARK BOYS CLUB 2020 Traffik, Oni One #FREETRAFFIK
17%
Trap Lovers 2019 Capo Plaza Gang Shit
17%
Trap Lovers(Reloaded) 2019 GASHI, Capo Plaza Gang Shit - RMX
17%
Succo Di Zenzero 2016 - Infame
17%
Sick Side 2018 - In Giro Con I Miei Cani
17%
The Dark Album 2016 - Intro TDA
17%
DARK BOYS CLUB 2020 Massimo Pericolo MP5
17%
Succo Di Zenzero 2016 Sick Luke- Non Mi Interessa
17%
Succo Di Zenzero 2016 - Nuvole
17%
Crack Musica 2016 - Porto Rotondo
17%
Crack Musica 2016 - Regole
17%
DARK BOYS CLUB 2020 Tedua SAVAGE
17%
Twins 2017 - Side E Wayne
17%
Twins 2017 - Sku Sku
17%
Crack Musica 2016 - Solo X La Gang
17%
Trap Lovers 2019 - Uomini E Donne
17%
The Dark Album 2016 Kamyar Voodoo
17%
Trap Lovers 2019 - Acqua Fiji
8%
Trap Lovers 2019 - Baby Che Noia
8%
Trap Lovers 2019 - Casper
8%
Sick Side 2018 Dark Wayne Cheescake
8%
Twins 2017 - Cobain
8%
Twins 2017 - Diabolika
8%
Sick Side 2018 Tony Effe Fuck Gosha
8%
Twins 2017 Kaydy Cain Hypebeast
8%
Sick Side 2018 - Lullaby
8%
Sick Side 2018 - Luxory
8%
DARK BOYS CLUB 2020 Boro, Samurai Jay NO STUPID
8%
Succo Di Zenzero 2016 - Pavimenti In Resina
8%
Trap Lovers 2019 - Peter Pan
8%
Succo Di Zenzero 2016 - Scusa
8%
Twins 2017 - Sexy Gang
8%
Crack Musica 2016 - Sinaloa
8%
DARK BOYS CLUB 2020 - SPEEDRUNNER
8%
Trap Lovers 2019 - Young Rich Gang
8%
Trap Lovers(Reloaded) 2019 ZillaKami, SosMula Young Rich Gang - RMX
8%
Succo Di Zenzero 2016 - Gioco Dell'uva
0%
- 2019 Wayne, Drefgold, Giaime Glock
0%
Trap Lovers(Reloaded) 2019 Guè, Luchè Splash - RMX
0%
Nessun quiz corrispondente trovato
Distribuzione punteggi
Percentuale di utenti per punteggio
Percentile per numero di risposta
I tuoi punteggi nel tempo
Non hai fatto questo quiz